00357 2200157 4500245003800000020002200038250001100060100001600071650001600087005001900103260003100122041001400153084000800167300001500175336000900190 aRainbow BreezecKim DanessihText a978-602-255-118-8 aCet. 1 aKim Danessi aNovel Fiksi a20230110070448 aYogyakartabde Teensc2013 aIndonesia a813 a218 hlm. : atext